Responses for Show #5736 - Monday, July 13, 2009

2009 Kids Week game 1.

Contestants

[<< previous game]

Savannah Morgan, a 12-year-old from Charlotte, North Carolina

Jimmy Miotto, an 11-year-old from Northborough, Massachusetts

Scotty Ballard, a 12-year-old from Murphy, Texas

[next game >>]

Jeopardy! Round responses

FILL IN THE HISTORY ____
CELEBRITY SISTER SURNAMES
HOLIDAYS
THE STATE IT'S IN
TIME FOR CLASS
ANIMAL WORDS & PHRASES
    $200 8
Henry VIII

Scotty
    $200 13
Spears

Scotty
    $200 1
Thanksgiving

Savannah
    $200 6
Texas

Scotty
    $200 20
baseball

Jimmy
    $200 25
a snake

Savannah
    $400 9
the Declaration of Independence

Jimmy
    $400 16
Duff

Savannah
    $400 2
the Civil War

Scotty
    $400 7
Florida

Scotty
    $400 21
Mars

Savannah
    $400 26
a cow

Jimmy
    $600 10
the Spanish Inquisition

Savannah
    $600 17
Olsen

Scotty
    $600 3
Columbus Day

Triple Stumper
    $600 14
(Scotty: What is Michigan?)

California

ScottySavannah
    $600 22
(Alex: Acetylene [*], yes, in welding.)

torch

Savannah
    $600 27
(Savannah: What is a mosquito?)

a fly

Savannah
Triple Stumper
    $800 11
the Soviet Union

Savannah
    $800 18
Simpson

Jimmy
    $800 4
(Alex: And that may holiday--and you'd better remember this one--[*].)

Mother's Day

Triple Stumper
    $800 15
Alaska

Savannah
    $800 23
the book

Savannah
    $800 28
horse

Jimmy
    $1000 12
the Reign of Terror

Jimmy
    $1000 30
Fanning

Savannah
    $400 5
(Scotty: What is Earth Day?)

Arbor Day

Scotty
    $1000 19
Louisiana

Jimmy
    $1000 24
(Alex: Too soon for you guys to be reading [*], but that's the name of the author.)

F. Scott Fitzgerald

Triple Stumper
    $1000 29
a shark

Jimmy

Scores at the first commercial break (after clue 15):

Scotty Jimmy Savannah
$400 $1,400 $3,000

Scores at the end of the Jeopardy! Round:

Scotty Jimmy Savannah
$1,000 $5,600 $5,800

Double Jeopardy! Round responses

ON THE BOOKSHELF
YOU'RE SO SPORTY
THE WORLD OF M. SASEK
(Alex: He's the famous illustrator.)
THE LAW
SCIENCE
"KID" TALK
    $400 8
a werewolf

Scotty
    $400 5
the Steelers

Jimmy
    $400 26
London

Savannah
    $400 1
speed limits

Jimmy
    $400 3
iron

Scotty
    $400 21
(Jimmy: What are the lungs? No.)

the kidneys

Jimmy
Triple Stumper
    $800 9
Wimpy

Jimmy
    $800 6
(Jimmy: What is car racing?)
(Alex: Be more specific.)

NASCAR

Jimmy
    $800 27
Venice

Jimmy
    $800 2
guilty

Jimmy
    $800 12
the Moon

Jimmy
    $800 22
Nicole Kidman

Savannah
    $1200 15
the Sidewalk

Jimmy
    $1200 7
golf

Savannah
    $600 28
Dublin

Jimmy
    $1200 4
(Scotty: What is a witness?)
(Alex: Be more specific.)
(Scotty: [No response])

an eyewitness

ScottyJimmy
    $1200 13
sound

Scotty
    $2,000 23
Kidnapped

Savannah
    $1600 19
Inkheart

Jimmy
    $1600 10
LeBron James

Scotty
    $1600 29
Brooklyn Bridge

Savannah
    $1600 11
evict

Jimmy
    $1600 14
meat

Savannah
    $1600 24
New Kids on the Block

Triple Stumper
    $2000 20
Despereaux

Savannah
    $2000 18
Nastia Liukin

Savannah
    $2000 30
Jerusalem

Scotty
    $2000 16
statute

Jimmy
    $2000 17
gravity

Jimmy
    $2000 25
skid

Jimmy

Scores at the end of the Double Jeopardy! Round:

Scotty Jimmy Savannah
$5,400 $22,200 $17,400

[wagering suggestions for these scores]

Final Jeopardy! Round responses

AMERICAN HISTORY
ScottyWhat is the war of 1812
$5,000
SavannahWhat is the French and Indian War?
$3,000
JimmyWhat is the Spanish-American War?
$12,601
the Revolutionary War

Final scores:

Scotty Jimmy Savannah
$400 $9,599 $14,400
3rd place: $1,000 + Classroom Jeopardy! for his school 2nd place: $2,000 + Classroom Jeopardy! for his school Winner: $14,400 + Classroom Jeopardy! for her school

Game dynamics:

Coryat scores:

Scotty Jimmy Savannah
$5,800 $22,800 $16,600
11 R,
3 W
(including 1 DD)
23 R
(including 1 DD),
1 W
19 R
(including 1 DD),
1 W

Combined Coryat: $45,200

[game clues] [game scores] [suggest correction]

Game tape date: 2009-03-30
The J! Archive is created by fans, for fans. Scraping, republication, monetization, and malicious use prohibited; this site may use cookies and collect identifying information. See terms. The Jeopardy! game show and all elements thereof, including but not limited to copyright and trademark thereto, are the property of Jeopardy Productions, Inc. and are protected under law. This website is not affiliated with, sponsored by, or operated by Jeopardy Productions, Inc. Join the discussion at JBoard.tv.